000 00729nam a2200253Ia 4500
999 _c1535
_d1535
007 ta
008 190805r20022012ii a|||g||||||||| ||und||
020 _cRs. 450.00
040 _aKO
_beng
041 0 _aeng
044 _aii
082 0 4 _a623.8171
_bJ7741
_223
100 1 _aJoseph, T. K.
245 1 0 _aStability, Trim and Cargo Calculations on M. V. Hindship and Oil Tankers /
_cT. K. Joseph and S. S. S. Rewari
250 _a3rd ed.
260 _aNew Delhi :
_bApplied Research International Pvt. Ltd.,
_c2002, reprinted 2012.
300 _a321 p. :
_bill. ;
_c28 cm.
650 0 _aStability of ships
650 0 _aCargo handling
700 _aRewari, S. S. S.
_eaut
904 _aA_BOSE
942 _cRT